| 000 | 01663nam0a22003491 4500 | ||
|---|---|---|---|
| 001 | v19\rc\1925578 | ||
| 005 | 20260406094653.0 | ||
| 035 | _a(NLR Aleph) 005011457 | ||
| 090 |
_a6492158 _c6492158 |
||
| 100 | _a20080404d1912 u y0rusy50 ca | ||
| 101 | 1 |
_arus _cfre |
|
| 102 | _aRU | ||
| 105 | _ay z ||||| | ||
| 200 | 1 |
_aБарская спесь и Анютины глазки _eВодевиль 1 д. _fПеределан с фр. Д. Ленским |
|
| 210 |
_aМосква _cС. Рассохин _d1912 |
||
| 300 | _aАвт. ориг. изд.: Баяр Жан Франсуа Альфред (1796-1853) и Дюмануар Филипп Франсуа (1806-1867); источник: Рус. драм. театр. М., 1979. Т. 4. С. 291 | ||
| 300 | _aЗагл. оригинала: La marquise de Prétintaille | ||
| 316 |
_aЭкземпляр РНБ (34.83.8.952): утрачен _5NLR: 34.83.8.952 |
||
| 454 | 0 |
_12001#$aLa marquise de Prétintaille _tLa marquise de Prétintaille |
|
| 700 | 1 |
_8rus _7ca _aЛенский _bД. Т. _f1805-1860 _gДмитрий Тимофеевич _3RU\NLR\AUTH\7769693 _952621 |
|
| 702 | 1 |
_4100 _7ca _8rus _aБаяр _bЖ. Ф. А. _f1796-1853 _gЖан Франсуа Альфред _9148535 _3RU\NLR\AUTH\MXL\7718696 |
|
| 702 | 1 |
_4100 _7ca _8rus _aДюмануар _bФ. Ф. П. _f1806-1865 _gФилипп Франсуа Пинель _9173012 _3RU\NLR\AUTH\770173063 |
|
| 801 | 0 |
_aRU _bNLR _gpsbo |
|
| 801 | 0 |
_aRU _bRuMoRGB _2psbo |
|
| 801 | 1 |
_aRU _bProSoft-M _2rusmarc |
|
| 852 |
_aNLR _j34.83.8.952 |
||
| 899 |
_aRuMoRGB _jV 16/1915 |
||
| 899 |
_aRuMoRGB _jV 306/485 |
||
| 899 | _aБАН | ||
| 942 | _cBOOK | ||
| 980 | _aNB | ||